000 00994nam a2200265Ia 4500
003 OSt
005 20221005110703.0
006 a|||||r|||| 00| 0
007 ta
008 221004b |||||||| |||| 00| 0 hin d
020 _a9788126723645 (hbk)
_c300
024 _a13236
037 _b8178, 20/03/2014, Rajkamal Prakashan Pvt. Ltd.
_cTextual
040 _aCRL
_cCRL
_bhin
041 _2hin
_ahin
082 _aF55, 152Q3
100 _aमुले, गुणाकर
245 0 _aऊर्जा - संकट और हमारा भविष्य
246 _aŪrjā - sankaṭ aur hamārā bhaviṣhya
260 _aनई दिल्ली
_bराजकमल प्रकाशन भारत
_c2013
300 _a163पृ0
_ccm.
650 _aभारतीय प्रौद्योगिकी
942 _hF55, 152Q3
_cTEXL
_2cc
999 _c1019591
_d1019591